| 000 -LEADER |
| fixed length control field |
00931nam a2200217Ia 4500 |
| 001 - CONTROL NUMBER |
| control field |
10330 |
| 003 - CONTROL NUMBER IDENTIFIER |
| control field |
GE_BSU |
| 008 - FIXED-LENGTH DATA ELEMENTS--GENERAL INFORMATION |
| fixed length control field |
181216s||||||||xx |||||||||||||| ||und|| |
| 040 ## - CATALOGING SOURCE |
| Transcribing agency |
GE_BSU |
| 080 ## - UNIVERSAL DECIMAL CLASSIFICATION NUMBER |
| Universal Decimal Classification number |
821.353.1+821.353.1-32 |
| 245 ## - TITLE STATEMENT |
| Title |
ქართული მწერლობა:ოცდაათ ტომად.ტ2 |
| 245 ## - TITLE STATEMENT |
| Remainder of title |
XI-XII საუკუნეთა მწერლობა |
| 245 ## - TITLE STATEMENT |
| Statement of responsibility, etc. |
შემდგ.ა.ბაქრაძე,რ.თვარაძე,სარედ.კოლ.ა.ბაქრაძე და სხვ. ტომის რედ.ლ.გრიგოლაშვილი.მხატვ.გ.ღლონტი |
| 260 ## - PUBLICATION, DISTRIBUTION, ETC. |
| Place of publication, distribution, etc. |
თბილისი |
| 260 ## - PUBLICATION, DISTRIBUTION, ETC. |
| Name of publisher, distributor, etc. |
ნაკადული |
| 260 ## - PUBLICATION, DISTRIBUTION, ETC. |
| Date of publication, distribution, etc. |
1987 |
| 300 ## - PHYSICAL DESCRIPTION |
| Extent |
574გვ. |
| 653 ## - INDEX TERM--UNCONTROLLED |
| Uncontrolled term |
XI-XII საუკუნეთა მწერლობა |
| 653 ## - INDEX TERM--UNCONTROLLED |
| Uncontrolled term |
ქართული მწერლობა |
| 942 ## - ADDED ENTRY ELEMENTS (KOHA) |
| Koha item type |
წიგნი |